Science Quiz

Random Science or Physics Quiz
Score 0/15 Timer 06:00
0 Plays Today
Diameter (inches) Name % Correct
1-3/4Golf Ball
93.5%
2-3/4Baseball
82.1%
4-1/2Softball
67.5%
1/4Pea
62.3%
1Quarter
58.2%
7/8Nickel
53.5%
2-1/2Tennis Ball
52.1%
3/4Penny
51.4%
Diameter (inches) Name % Correct
1-1/2Walnut
42%
4Grapefruit
34.3%
3Tea Cup
31.6%
1-1/4Half Dollar
27.4%
2Hen Egg
17.6%
4-3/4; 5CD
7.4%
1/2Plain M & M
6.9%
Remove Ads.
Support Sporcle.
Get the best of Sporcle when you Go Orange. This ad-free experience offers more features, more stats, and more fun while also helping to support Sporcle. Thank you for becoming a member.

You're not logged in!

Compare scores with friends on all Sporcle quizzes.
OR
Log In

Show Comments

Extras

Top Quizzes Today


Score Distribution

Your Account Isn't Verified!

In order to create a playlist on Sporcle, you need to verify the email address you used during registration. Go to your Sporcle Settings to finish the process.

Report this User

Report this user for behavior that violates our Community Guidelines.

Details: